Prénom dans les titres de dessin animé - Statistiques

Statistiques générales
  • Ce quiz a été pris 1 229 fois
  • Le résultat moyen est 16 sur 24
Statistiques - réponses
Lettre Dessin animé % Correct
M {Maya} l'abeille
99%
B {Bob} l'éponge
98%
C {Charlotte} aux fraises
95%
T {Tom} Sawyer
95%
A {Alvin} et les Chipmunks
94%
R {Robin} des bois
93%
S {Sam} le pompier
93%
M {Martin} Matin
89%
J {Jimmy} Neutron
79%
N {Nicky} Larson
79%
B {Ben} 10, alien force
78%
S Les Malheurs de {Sophie}
77%
B Les Aventures de Bernard et {Bianca}
76%
R {Rémi} sans famille
71%
D Le Laboratoire de {Dexter}
59%
K {Ken} le survivant
58%
J {Jeanne} et Serge
51%
F {Félix} le chat
48%
A Hé {Arnold} !
32%
J {Juliette}, je t'aime
27%
B {Billy} the cat, dans la peau d'un chat.
20%
A {Albert}, le 5ème Mousquetaire
19%
H Pif et {Hercule}
19%
A {Angela} Anaconda
13%
Aucun quiz correspondant
Distribution des résultats
% des personnes avec chaque résultat
Percentile par nombre de réponses
Votre historique - résultats
Vous n’avez pas pris ce quiz